000 00537nam a2200193 a 4500
001 1770891107392
003 YourLibrary
005 20260212154605.0
008 260212s2008##################000#0#eng##
020 _a9780195328318
082 0 4 _a330
_bCAP
100 1 _aCaplin, Andrew,
_eauthor.
245 1 0 _aThe Foundations of Positive and Normative Economics :
260 _bOxford University Press,
_c2008.
300 _a424 pages
650 0 _aBusiness & Economics.
942 _cENGLISH
040 _aYourLibrary
_beng
_cYourLibrary
999 _c612083
_d612083